{"text_format":"3","workbook":"xlsx","n_sheets":1,"sheets":["Arkusz1"],"read":"whole","date_system":"1900"}

{"sheet":"Arkusz1","index":0,"n_rows":172,"n_cols":10,"rows_kept":172,"merged":[[1,3,1,6],[2,3,2,6],[3,3,3,5],[5,0,5,9],[172,0,172,4],[173,0,173,9],[174,0,174,9],[175,0,175,9],[176,0,176,9]]}
[null,"       CENNIK ŚR.CZYSTOŚCI 2026R"]
[{"$nulls":7},"  "]
[]
[]
["L.p.","Przedmiot zamówienia","J.m.","ilość","Cena jednostkowa netto","Wartość netto","Stawka VAT","Wartość VAT","Cena Brutto","Nazwa "]
[]
[1,"Płyn do czyszczenia i dezenfekcji urządzeń sanitarnych, gęsty i skoncentrowany o zawartości nie miejszej niż 2% wodorotlenku sodu i nie miejsze niż 5% niejonowych związków powierzchniowo-czynnych, płyn nie może pozostawiać plam na czyszczonych powierzchniach. Płyn likwidujący bakterie, grzyby i glony.  (Wpisany do obrotu preparatów biobójczych*).  Pojemność min.1000ml","szt.",1,{"v":8,"d":"8.00"},{"$f":"E7*D7","v":{"v":8,"d":"8.00"}},{"v":0.08,"d":"8%"},{"$f":"F7*G7","v":0.64},{"$f":"F7+H7","v":8.64},"DOMESTOS 1000ml"]
[2,"Płyn uniwersalny do czyszczenia wszystkich powierzchni. Zawierający <5% anionowe środki powierzchniowo czynne, niejonowe środki powierzchniowo czynne, kompozycje zapachowe, glutaral, linalool, cinnamyl, ethanol, sodium, hexyl cinnamal, coumarin, benzyl salicylatee, limonene, butylphenyl methylpropional.ph 6,5-8,5. Pojemność min. 1l.","szt.",1,{"v":5.8,"d":"5.80"},{"$f":"E8*D8","v":{"v":5.8,"d":"5.80"}},{"v":0.23,"d":"23%"},{"$f":"F8*G8","v":{"v":1.334,"d":"1.33"}},{"v":7.134,"d":"7.13"},"AJAX FLORAL FIESTA 1l"]
[3,"Lizol środek czyszcząco-myjący. Pojemność min. 5l.","szt.",1,{"v":30,"d":"30.00"},{"v":30,"d":"30.00"},{"v":0.23,"d":"23%"},{"v":6.9,"d":"6.90"},{"v":36.9,"d":"36.90"},"LIZOL 5l"]
[4,"Płyn do WC i urządzeń sanitarnych. Usuwający osad kamienny, brud i przykry zapach.  Produkt biobójczy*). Pojemność min. 700 ml.","szt.",1,5.75,5.75,{"v":0.08,"d":"8%"},0.46,6.21,"TYTAN WC 700ml"]
[5,"Żel do toalet 360ml+koszyk.Składniki:5-15% anionowe i niejonowe środki powierzchniowo czynne, kompozycja zapachowa. Pojemność min. 360 ml. ","szt.",1,{"v":13,"d":"13.00"},{"v":13,"d":"13.00"},{"v":0.23,"d":"23%"},2.99,15.99,"dr devil żel 360ml + koszyk"]
[6,"Żelowy krążek do WC aplikowany bezpośrednio do wnętrza muszli toaletowej bez konieczności jej dotykania Opakowanie z aplikatorem  zawiera 6 szt.","szt.",1,{"v":11,"d":"11.00"},{"v":11,"d":"11.00"},{"v":0.23,"d":"23%"},{"v":2.5300000000000002,"d":"2.53"},{"v":13.530000000000001,"d":"13.53"},"DUCK żelowy krążek z aplikatorem opak. 6szt."]
[7," Żelowy krążek do WC  do w/w aplikatora. Zapas 12 szt w opakowaniu","szt.",1,{"v":13.5,"d":"13.50"},{"v":13.5,"d":"13.50"},{"v":0.23,"d":"23%"},{"v":3.105,"d":"3.11"},{"v":16.605,"d":"16.61"},"DUCK żelowy krążek do wc - zapas 12szt."]
[8,"Odrdzewiacz i odtłuszczacz do stali i żeliwa w płynie. Koncentrat. Skład : kwas fosforowy, kwas szczawiowy, niejonowe środki powierzchniowo czynne, inhibitory korozji, substancje pomocnicze. Opakowanie min.  1l. ","szt.",1,{"v":18.5,"d":"18.50"},{"v":18.5,"d":"18.50"},{"v":0.23,"d":"23%"},{"v":4.255,"d":"4.26"},{"v":22.755,"d":"22.76"},"DC94 1l"]
[9,"Skoncentrowany preparat do czyszczenia urządzeń sanitarnych, usuwający osady z kamienia i rdzy. Opojemność min. 1l","szt.",1,{"v":18,"d":"18.00"},{"v":18,"d":"18.00"},{"v":0.23,"d":"23%"},{"v":4.140000000000001,"d":"4.14"},22.14,"DC95 1l"]
[10,"Żelowy środek do chemicznego udrożniania rur i syfonów w instalacjach kanalizacyjnych, o gęstości względnej : ≈ 1.00 -1,01(20 °C) i pH: 11,5 - 11,6. Opojemność min. 1l.","szt.",1,{"v":16,"d":"16.00"},{"v":16,"d":"16.00"},{"v":0.23,"d":"23%"},3.68,19.68,"Domestos professional żel do udrażniania rur 1l"]
[11,"Zagęszczony płyn do czyszczenia, dezynfekcji i wybielania służący do: czyszczenia płytek ceramicznych, fug, zlewów, umywalek, wanien, dezynfekcji urządzeń sanitarnych i powierzchni, wybielania tkanin, - działający bakteriobójczo i grzybobójczo. Produkt biobójczy*). Pojemność  min. 5l.","szt.",1,{"v":36,"d":"36.00"},{"v":36,"d":"36.00"},{"v":0.08,"d":"8%"},2.88,38.88,"WC TRIO 5l"]
[12,"Uniwersalny, odtłuszczający płyn w spryskiwaczu, usuwający i czyszczący plamy ze wszystkich powierzchni, przeznaczony do piekarników, okapów, mikrofalówek, mebli kuchennych i wszystkich tłustych i trudnych do usunięcia zabrudzeń, pH: 9-10,0 gęstość względna: 0,990-1,030 g/cm3. Pojemność min.1l.","szt.",1,{"v":14.5,"d":"14.50"},{"v":14.5,"d":"14.50"},{"v":0.23,"d":"23%"},{"v":3.335,"d":"3.34"},{"v":17.835,"d":"17.84"},"ODTŁUSZCZACZ UNIEWERSALNY  U-413  1l spryskiwacz"]
[13,"Skoncentrowany, profesjonalny, kwaśny płyn do usuwania nalotów kamienia wodnego z posadzek, odkamieniania urządzeń sanitarnych, basenów, pH: -0,5-0,6 (20°C), gęstość par wzgędem powietrza: 1,1-1,2g/cm3. Pojemność min. 10l.","szt.",1,{"v":135,"d":"135.00"},{"v":135,"d":"135.00"},{"v":0.23,"d":"23%"},31.05,166.05,"SEPTA AcidF Q12 10l"]
[14,"Żel do czyszczenia łazienek, na kamień i osady z mydła. Zawierający mniej niż 5% anionowe środki powierzchniowo czynne, niejonowe środki powierzchniowo czynne, kompozycje zapachowe, Butylphenyl Methylpropional, Hexyl Cinnamal. Pojemność min. 500 ml.","szt.",1,{"v":11,"d":"11.00"},{"v":11,"d":"11.00"},{"v":0.23,"d":"23%"},{"v":2.5300000000000002,"d":"2.53"},{"v":13.530000000000001,"d":"13.53"},"AJAX ŻEL 500ml"]
[15,"Płyn usuwający kamień i rdzę- spray . Uniwersalny środek czyszczący w sprayu. Składniki: <5%: niejonowe środki powierzchniowo czynne, kompozycja zapachowa. Pojemność min.  750 ml. ","szt.",1,11.35,11.35,{"v":0.23,"d":"23%"},{"v":2.6105,"d":"2.61"},{"v":13.9605,"d":"13.96"},"CILIT BANG EXPERT ZERO KAMIENIA I BRUDU 750ml "]
[16,"Środek do czyszczenia z aktywną pianą. Produkt służący do czyszczenia: umywalki, wanny, kabiny prysznicowej, muszli klozetowej, płytek ceramicznych, powierzchni chromowych, podłóg oraz blatów kuchennych. Pojemność min. 600 ml. ","szt.",1,{"v":16.5,"d":"16.50"},{"v":16.5,"d":"16.50"},{"v":0.23,"d":"23%"},{"v":3.7950000000000004,"d":"3.80"},{"v":20.295,"d":"20.30"},"CILIT BANG AKTYWNA PIANA 600ml"]
[17,"Żel do usuwania kamienia i rdzy, osadu z mydła, zacieków wodnych, tłustych plam. Do powierzchni: chrom, stal nierdzewna, glazura, porcelit, szkło, plastik. Do czyszczenia powierzchni pionowych. Pojemność min. 500 ml","szt.",1,7.35,7.35,{"v":0.23,"d":"23%"},{"v":1.6905,"d":"1.69"},{"v":9.0405,"d":"9.04"},"TYTAN KAMIEŃ i RDZA ŻEL 500ml"]
[18,"Mleczko do czyszczenia.  Usuwające plamy po pleśni. Skład: <5% anionowe środki powierzchniowo czynne. Na bazie chloru, niejonowe środki powierzchniowo czynne, mydło, kompozycja zapachowa. Ph≈  11. Pojemność  min. 700 ml. ","szt.",1,9.85,9.85,{"v":0.23,"d":"23%"},{"v":2.2655,"d":"2.27"},{"v":12.115499999999999,"d":"12.12"},"MLECZKO CIF 750ml"]
[19,"Środek do odkażania małych powierzchni  sprzętu sportowego. Preparat w postaci płynu produkowany na bazie alkoholu etylowego o działaniu bakterio, grzybo, wiruso, prątkobójczym i bójczym wobec prątków gruźlicy. Opakowanie ze spryskiwaczem. Produkt biobójczy*)  Pojemność min.  1l.","szt.",1,{"v":20,"d":"20.00"},{"v":20,"d":"20.00"},{"v":0.08,"d":"8%"},{"v":1.6,"d":"1.60"},{"v":21.6,"d":"21.60"},"ALPINUSEPTOL+ NEUTRAL 1l, spryskiwacz"]
[20,"Płyn do dezynfekcji rąk. Zwalcza:bakterie,grzyby; candida albicans i aspergillus niger,prątki,wirusy. Skład: etanol 80-85%.  Produkt biobójczy*),  Opakowanie min. 5 l. ","szt.",1,{"v":90,"d":"90.00"},{"v":90,"d":"90.00"},{"v":0.08,"d":"8%"},{"v":7.2,"d":"7.20"},{"v":97.2,"d":"97.20"},"DOL -SEPT- MED 5l"]
[21,"Dezynfekant o szerokim spektrum działania wirusobójczego i bakteriobójczego  w proszku.  Produkt biobójczy*).                                Pojemność min. 200 g ","szt.",1,{"v":30,"d":"30.00"},{"v":30,"d":"30.00"},{"v":0.08,"d":"8%"},{"v":2.4,"d":"2.40"},{"v":32.4,"d":"32.40"},"VIRKON S 200g"]
[22,"Płynny, alkoholowy preparat dezynfekcyjno-myjący o działaniu bakteriobójczym i grzybobójczym . Atomizer.  Produkt biobójczy*).  Pojemność min. 0,6 l.","szt.",1,{"v":14,"d":"14.00"},{"v":14,"d":"14.00"},{"v":0.08,"d":"8%"},1.12,{"v":15.120000000000001,"d":"15.12"},"VC410 DEZOPOL-MED 0,6l"]
[23,"Denaturat. Pojemność min.  5l","szt.",1,{"v":45,"d":"45.00"},{"v":45,"d":"45.00"},{"v":0.23,"d":"23%"},10.35,55.35,"DENATURAT 5l"]
[24,"Ocet spirytusowy. Pojemność min. 1l","szt.",1,3.25,3.25,{"v":0.23,"d":"23%"},{"v":0.7475,"d":"0.75"},{"v":3.9975,"d":"4.00"},"OCET 1l"]
[25,"Płyn do szyb,  zapas. Skład <5% anionowy środek powierzchniowo czynny, kwas octowy, kompozycja zapachowa. Pojemność min. 5l. ","szt.",1,{"v":16,"d":"16.00"},{"v":16,"d":"16.00"},{"v":0.23,"d":"23%"},3.68,19.68,"WINDOW original + plus płyn do szyb 5l"]
[26,"Płyn ze spryskiwaczem do mycia szyb i luster, z alkoholem. Zawierające: <5% anionowe środki powierzchniowo czynne, kompozycje zapachowe. Spryskiwacz z dodatkową funkcją tworzenia piany. Pojemność  min. 500 ml.","szt.",1,{"v":6.9,"d":"6.90"},{"v":6.9,"d":"6.90"},{"v":0.23,"d":"23%"},{"v":1.5870000000000002,"d":"1.59"},{"v":8.487,"d":"8.49"},"CLIN SHINE 500ml"]
[27,"Zapachowy środek do mycia powierzchni i przedmiotów wodoodpornych (ściany i posadzki) Zawierający nanocząsteczki krzemu. Posiadający właściwości antystatyczne. Nie pozostawiający smug i zacieków. Stosowany w rozcieńczeniach 1:70 do 1:200. Zawierający <5% niejonowych środków powierzchniowo czynnych, 5-15% alkoholi.  Pojemność min. 1l.","szt.",1,{"v":21,"d":"21.00"},{"v":21,"d":"21.00"},{"v":0.23,"d":"23%"},4.83,25.83,"VC241 NANO-ORANGE 1l"]
[28,"Preparat do mycia posadzek -profesjonalny, antypoślizgowy i antystatyczny płyn do mycia podłóg. Nisko pieniący, myjąco-pielęgnacyjny preparat do mycia posadzek, na bazie emulsji woskowych; posiada właściwości antypoślizgowe, antyrefleksyjne i antystatyczne; uzupełnia i odnawia warstwy polimerowe; przy niskich stężeniach daje efekt wybłyszczenia; bez smugowy; zabezpiecza posadzkę; utrudnia osadzanie się brudu; polerowany na wysoki połysk. Pojemność min. 5l. ","szt.",1,{"v":72,"d":"72.00"},{"v":72,"d":"72.00"},{"v":0.23,"d":"23%"},{"v":16.560000000000002,"d":"16.56"},88.56,"TOP EFEKT DIAM 5l"]
[29,"Preparat do mycia posadzek z lastryka, marmuru, klinkieru, granitu, trawertynu, konglomeratu, piaskowca na bazie mydeł, do maszynowego i manualnego zastosowania, pH: 8,5-10,5, gęstość 20°C 1005-1015 kg/m3. Pojemność: min. 10l.","szt.",1,{"v":170,"d":"170.00"},{"v":170,"d":"170.00"},{"v":0.23,"d":"23%"},{"v":39.1,"d":"39.10"},{"v":209.1,"d":"209.10"},"C353 FLOOR STONE 10l"]
[30,"Preparat do mycia posadzek- skoncentrowany (od 0,25 do 5%). Nabłyszczający, antypoślizgowy. Nadaje się do manualnego i maszynowego zastosowania. Nie powoduje gromadzenia ładunków elektrycznych na mytych powierzchniach, posiada certyfikat ESD, potwierdzony przez niezależne jednostki. pH: 8-9, gęstość 20°C 1000-1010 kg/m3. Pojemność min. 10l. ","szt.",1,{"v":170,"d":"170.00"},{"v":170,"d":"170.00"},{"v":0.23,"d":"23%"},{"v":39.1,"d":"39.10"},{"v":209.1,"d":"209.10"},"C373 FLOOR SHINE 10l"]
[31,"Płyn do mycia powierzchni innych niż drewniane - do płytek ceramicznych. Pojemność min. 750 ml.","szt.",1,{"v":9.5,"d":"9.50"},{"v":9.5,"d":"9.50"},{"v":0.23,"d":"23%"},{"v":2.185,"d":"2.19"},{"v":11.685,"d":"11.69"},"SIDOLUX EXPERT MYCIE PCV, GLAZURY, TERAKOTY 750ml"]
[32,"Uniwersalny środek czyszcząco-pielęgnujący do mycia m. in. PVC, linoleum, kamień naturalny i sztuczny. Przeznaczony do mycia ręcznego i maszyn. Musi spełniać wymagania dotyczące odporności na poślizg płyn antypoślizgowy. Pojemność min.10l.","szt.",1,{"v":160,"d":"160.00"},{"v":160,"d":"160.00"},{"v":0.23,"d":"23%"},{"v":36.800000000000004,"d":"36.80"},{"v":196.8,"d":"196.80"},"FLORMATIK V 10l"]
[33,"Środek do automatów czyszcząco-zbierających. Aktywny środek czyszczący o wysokiej aktywności, słabo pieniący się doskonały do automatów wysokociśnieniowych. Dzięki alkalicznej bazie i specjalnej kombinacji środków powierzchniowo-czynnych preparat posiada właściwości silnie emulgujące. Pozostawia powłokę antystatyczną, która jednocześnie chroni przed zabrudzeniem. Pojemność min. 10l.","szt.",1,{"v":94,"d":"94.00"},{"v":94,"d":"94.00"},{"v":0.23,"d":"23%"},21.62,{"$f":"F39+H39","v":115.62},"BASIC NANO 10l"]
[34,"Antypoślizgowy płyn do mycia podłóg. Środek na bazie polimerów do codziennego mycia i pielęgnacji wszelkich podłóg, zabezpieczonych i niezabezpieczonych warstwami polimerowymi, takich jak: panele podłogowe, parkiet, linoleum, PCV, płytki ceramiczne, guma, beton, marmur itp. Na mytej powierzchni pozostawia mikrofilm, nie tworząc przy tym stałej warstwy ochronnej. Preparat posiada właściwości antypoślizgowe. Przy niskich stężeniach ( ok 25 ml na 10 L wody ) daje efekt wybłyszczenia, przy wyższych ( ok 100 ml na 10 L wody ) stężeniach chroni powierzchnię przed zabrudzeniami. Szczególnie zalecany do stosowania w holach, korytarzach i na obiektach sportowych. Pojemność min. 10l.","szt.",1,{"v":94,"d":"94.00"},{"v":94,"d":"94.00"},{"v":0.23,"d":"23%"},21.62,115.62,"BRILANT 10l"]
[35,"Środek do czyszczenia posadzek. Silny środek czyszczący o właściwościach pielęgnacyjnych. Dzięki zawartości mikro emulsji posiada wzmocnioną siłę rozpuszczania cząsteczek brudu,tłuszczy, oleju. Słabo pieniący system środków powierzchniowo czynnych - nadający się do zastosowania w automatach czyszczących. Usuwający gumę, ślady po atramencie i długopisie. Wysychając nie pozostawiając śladów, nadający połysk, o kompozycji zapachowej. Pojemność min.10l. ","szt.",1,{"v":265,"d":"265.00"},{"v":265,"d":"265.00"},{"v":0.23,"d":"23%"},60.95,325.95,"BLUE STAR 10l"]
[36,"Środek czyszczący o wysokiej skuteczności czyszczenia, o wysokim stopieniu rozpuszczania kamienia, z łatwością usuwający rdzę, zabrudzenia pochodzenia tłuszczowego, mydło wapniowe. Zastosowanie: Środek do bieżącego czyszczenia sanitariatów, posadzek, armatury również chromowanej, usuwający kamień , środek do maszyn czyszczących . Pojemność min.1l.","szt.",1,{"v":32,"d":"32.00"},{"v":32,"d":"32.00"},{"v":0.23,"d":"23%"},7.36,39.36,"PREMIUM NR 1 1l"]
[37,"Środek do urządzenia NUMATIC do czyszczenia plaży basenu.Właściwości produktu: Środek o silnych właściwościach myjących, zawierający komponenty pielęgnacyjne. Przeznaczony do utrzymywania czystości wszystkich wodoodpornych powierzchni podłogowych, zabezpieczonych i niezabezpieczonych. Możliwość mycia ręcznego oraz w automatach czyszcząco-zbierających (nie pieni się). O cytrynowym  zapachu, przyjazny dla skóry rąk. Czyszczonej powierzchni nadający połysk i nie powodujący nadbudowy kolejnych warstw. Pojemność min 10l.","szt.",1,{"v":84,"d":"84.00"},{"v":84,"d":"84.00"},{"v":0.23,"d":"23%"},19.32,103.32,"UNIVERSAL CITRO 10l"]
[38,"Preparat do profesjonalnego mycia i pielęgnacji parkietu do nabłyszczania parkietu ( do maszyny ) Szczególnie zalecany do parkietów, boazerii oraz schodów drewnianych. SKŁAD: Dyspergatory i polimery akrylowe, rozpuszczalniki organiczne, środki pomocnicze. Pojemność min. 10l.","szt.",1,{"v":295,"d":"295.00"},{"v":295,"d":"295.00"},{"v":0.23,"d":"23%"},{"v":67.85000000000001,"d":"67.85"},362.85,"C591 PROTECT WOOD 10l"]
[39,"Środek do pielęgnacji hal sportowych i gimnastycznych. Utrzymujący antypoślizgowość parkietu- wg normy DIN18032/2. Zwiększający żywotność podłogi, zabezpieczający przed zarysowaniami. Pojemność  min. 5l.","szt.",1,{"v":180,"d":"180.00"},{"v":180,"d":"180.00"},{"v":0.23,"d":"23%"},{"v":41.4,"d":"41.40"},{"v":221.4,"d":"221.40"},"TREND 5l"]
[40,"Środek do czyszczenia deski Barlinek. Właściwości: silny zasadowy detergent do oczyszczania podłóg przed stosowaniem środków typu-Protektora Blask i przed ponownym lakierowaniem podłóg, usuwający brud i plamy Zastosowanie: koncentrat służący do odtłuszczania i dokładnego czyszczenia powierzchni podłóg barlineckich (drewnianych). Zasadowy detergent, skutecznie usuwający brud, trudne do usunięcia plamy i stare powłoki past. Idealny do stosowania przed szlifowaniem i ponownym lakierowaniem podłogi, a także przed odświeżaniem środkiem typu -Protektor Blask. Pojemność min. 1l.","op.",1,{"v":85,"d":"85.00"},{"v":85,"d":"85.00"},{"v":0.23,"d":"23%"},19.55,104.55,"PROTEKTOR KOMPLET 1l"]
[41,"Płyn do mycia drewna: do podłóg i mebli drewnianych z gęstą formułą, która czyści, usuwa kurz, odżywia, odświeża i pielęgnuje do wszystkich zmywalnych powierzchniach drewnianych (podłogi, drzwi, okna i inne), nie pozostawiający smug. Zawierający: <5% niejonowe środki powierzchniowo czynne, <5% mydło, kompozycje zapachowe, Pojemność min. 750 ml.","szt.",1,{"v":15,"d":"15.00"},{"v":15,"d":"15.00"},{"v":0.23,"d":"23%"},3.45,18.45,"PRONTO 1l"]
[42,"Emulsja przeznaczona do pielęgnacji i konserwacji podłóg z tworzyw sztucznych, podłóg drewnianych i malowanych, parkietów, mozaiki drewnianej, podłóg z płytek ceramicznych. Pojemność min. 450 ml.","szt.",1,{"v":8.5,"d":"8.50"},{"v":8.5,"d":"8.50"},{"v":0.23,"d":"23%"},{"v":1.955,"d":"1.96"},{"v":10.455,"d":"10.46"},"TYTAN EMULSJA SAMOPOŁYSKOWA 450ml"]
[43,"Zmywacz do usuwania starych, nawarstwiających się powłok akrylowych pozostałych po stosowaniu środków wyprodukowanych na bazie akryli np.: emulsji do pielęgnacji podłóg i innych tego typu produktów. Pojemność min. 450ml.","szt.",1,8.75,8.75,{"v":0.23,"d":"23%"},{"v":2.0125,"d":"2.01"},{"v":10.7625,"d":"10.76"},"TYTAN ZMYWACZ do podłóg 450ml"]
[44,"Płyn do mycia i pielęgnacji podlóg ( panele, drewno).  Przeznaczony do mycia i pielęgnacji paneli podłogowych i ściennych oraz powierzchni drewnianych. Bardzo wydajny. Szybko i skutecznie usuwa  silne zabrudzenia. Po zastosowaniu postawia połysk i świeży przyjemny zapach.Opakowanie min. 450g.","szt.",1,{"v":10,"d":"10.00"},{"v":10,"d":"10.00"},{"v":0.23,"d":"23%"},{"v":2.3000000000000003,"d":"2.30"},{"v":12.3,"d":"12.30"},"TYTAN DO MYCIA I PIELĘGNACJI PANELI I DREWNA 450ml"]
[45,"Pasta do podłóg drewnianych w puszce metalowej. Zawierająca wosk pochodzenia naturalnego oraz wosk pszczeli. Opakowanie min. 240g.","op.",1,{"v":13,"d":"13.00"},{"v":13,"d":"13.00"},{"v":0.23,"d":"23%"},2.99,15.99,"PASTA LUKSUSOWA BUWI 240g"]
[46,"Szybkoschnący preparat do pielęgnacji stali nierdzewnej matowej i błyszczącej na bazie alkoholu. Pojemność min. 600ml","szt.",1,{"v":16,"d":"16.00"},{"v":16,"d":"16.00"},{"v":0.23,"d":"23%"},3.68,19.68,"INW-10 STAINLEES STEEL 600ml"]
[47,"Gotowy do użycia preparat do czyszczenia min. okapów, piekarników, grilii,pieców, pH: 14, gęstość względna: 1,055-1,095 g/m3, pojemność min 500ml ","szt.",1,{"v":17.5,"d":"17.50"},{"v":17.5,"d":"17.50"},{"v":0.23,"d":"23%"},{"v":4.025,"d":"4.03"},{"v":21.525,"d":"21.53"},"TOP GRILL BLACK 600ml SP-73"]
[48,"Preparat do czyszczenia i konserwacji mebli tapicerowanych z jasnej ekoskóry, szczególnie do usuwania śladów po odbarwieniach po spodniach jeansowych. Pojemność min. 250 ml. ","szt.",1,{"v":16,"d":"16.00"},{"v":16,"d":"16.00"},{"v":0.23,"d":"23%"},3.68,19.68,"K2 PERFECT LETAN CLEANER 250ml"]
[49,"Aerozol do mebli drewnianych, do zastosowań profesjonalych. Przeznaczony do stosowania na wszystkich zabezpieczonych powierzchniach drewnianych, pH: 8,0 - 9,5 w (20 °C), gęstość względna: 1.0 g/cm3 w 20 °C.  Pojemność min. 400 ml","szt.",1,{"v":13,"d":"13.00"},{"v":13,"d":"13.00"},{"v":0.23,"d":"23%"},2.99,15.99,"PRONTO aerozol do mebli 400ml"]
[50,"Płyn do codziennego mycia naczyń. Skutecznie usuwajacy tłuszcz, idealnie się pieniący. Dodatkowo, dzięki pH naturalnemu dla skóry, jest łagodny dla dłoni, zawiera anionowe środki powierzchniowo czynne (5 - < 15 %), niejonowe środki powierzchniowo czynne (< 5 %), kompozycje zapachowe (CITRAL; LIMONENE), środki konserwujące (METHYLISOTHIAZOLINONE; \nBENZISOTHIAZOLINONE), gęstość względna: 1,00 – 1,03 g/cm3 (20 °C), pH: 5,25 – 5,75 (20 °C). Pojemność: min.1l","szt.",1,5.85,5.85,{"v":0.23,"d":"23%"},{"v":1.3455,"d":"1.35"},{"v":7.195499999999999,"d":"7.20"},"SOLUTION Cleaning płyn do mycia naczyń 1l"]
[51,"Płyn do codziennego mycia naczyń. Skutecznie usuwajacy tłuszcz, idealnie się pieniący. Dodatkowo, dzięki pH naturalnemu dla skóry, jest łagodny dla dłoni, zawiera anionowe środki powierzchniowo czynne (5 - < 15 %), niejonowe środki powierzchniowo czynne (< 5 %), kompozycje zapachowe (CITRAL; LIMONENE), środki konserwujące (METHYLISOTHIAZOLINONE; \nBENZISOTHIAZOLINONE), gęstość względna: 1,00 – 1,03 g/cm3 (20 °C), pH: 5,25 – 5,75 (20 °C). Pojemność: min. 5l","szt.",1,{"v":18,"d":"18.00"},{"v":18,"d":"18.00"},{"v":0.23,"d":"23%"},{"v":4.140000000000001,"d":"4.14"},22.14,"SOLUTION Cleaning płyn do mycia naczyń 5l"]
[52,"Gąbka do naczyń. Opakowanie 5 szt.","op.",1,{"v":1.6,"d":"1.60"},{"v":1.6,"d":"1.60"},{"v":0.23,"d":"23%"},{"v":0.36800000000000005,"d":"0.37"},{"v":1.9680000000000002,"d":"1.97"},"gąbka do naczyń 5szt."]
[53,"Ściereczka uniwersalna. Wymiary 500x350mm (+/- 0,5cm).                          Opakowanie 10 sztuk.","op.",1,{"v":5.9,"d":"5.90"},{"v":5.9,"d":"5.90"},{"v":0.23,"d":"23%"},{"v":1.3570000000000002,"d":"1.36"},{"v":7.257000000000001,"d":"7.26"},"ścierka uniwersalna YORK 10szt."]
[54,"Ścierka tetrowa. Wymiary 60cm×80cm (+/-0,5cm). Opakowanie 10 sztuk.","szt.",1,{"v":30,"d":"30.00"},{"v":30,"d":"30.00"},{"v":0.23,"d":"23%"},{"v":6.9,"d":"6.90"},{"v":36.9,"d":"36.90"},"ścierka tetrowa 50x80 opak. 10szt."]
[55,"Ścierka podłogowa pomarańczowa 45cmx58cm (+/-0,5cm)","szt.",1,{"v":2,"d":"2.00"},{"v":2,"d":"2.00"},{"v":0.23,"d":"23%"},0.46,2.46,"BASIA ścierka podłogowa pomarańczowa 45cmx58cm"]
[56,"Ścierka z mikrofibry 30cmx30cm (+/-0,5cm)","szt.",1,{"v":1,"d":"1.00"},{"v":1,"d":"1.00"},{"v":0.23,"d":"23%"},0.23,1.23,"ścierka z mikrofibry 30cmx30cm"]
[57,"Ścierka z mikrofibry 50cmx60cm (+/-0,5cm), podłogowa min. 320g","szt.",1,{"v":3,"d":"3.00"},{"v":3,"d":"3.00"},{"v":0.23,"d":"23%"},{"v":0.6900000000000001,"d":"0.69"},3.69,"ścierka z mikrofibry 50cmx60cm"]
[58,"Ścierki ostre do szorowania","szt.",1,{"v":1.5,"d":"1.50"},{"v":1.5,"d":"1.50"},{"v":0.23,"d":"23%"},{"v":0.34500000000000003,"d":"0.35"},{"v":1.845,"d":"1.85"},"ścierka ostra"]
[59,"Zmywak spiralny","szt.",1,{"v":2.5,"d":"2.50"},{"v":2.5,"d":"2.50"},{"v":0.23,"d":"23%"},{"v":0.5750000000000001,"d":"0.58"},{"v":3.075,"d":"3.08"},"Zmywak spiralny"]
[60,"Zmywak do teflonu","szt.",1,1.75,1.75,{"v":0.23,"d":"23%"},{"v":0.4025,"d":"0.40"},{"v":2.1525,"d":"2.15"},"zmywak do teflonu"]
[61,"Ścierka do mycia okien 100% microfibre o wymiarach: 32cmx34,5cm  (+/-0,5cm)","szt.",1,9.75,9.75,{"v":0.23,"d":"23%"},{"v":2.2425,"d":"2.24"},{"v":11.9925,"d":"11.99"},"VILEDA ACTIFIBRE WINDOW ALL IN 1 32cmx34,5cm"]
[62,"Ścierka szara .Wymiar 50cmx60 cm (+/- 5 cm)","szt.",1,{"v":2,"d":"2.00"},{"v":2,"d":"2.00"},{"v":0.23,"d":"23%"},0.46,2.46,"Ścierka szara 50cmx60cm"]
[63,"Mydło w kostce. Opakowanie min. 100g.","szt.",1,{"v":1.5,"d":"1.50"},{"v":1.5,"d":"1.50"},{"v":0.23,"d":"23%"},{"v":0.34500000000000003,"d":"0.35"},{"v":1.845,"d":"1.85"},"ATTIS 100g mydło w kostce"]
[64,"Mydło w płynie z dozownikiem antybakteryjne. Pojemność min. 400ml","szt.",1,{"v":4,"d":"4.00"},{"v":4,"d":"4.00"},{"v":0.23,"d":"23%"},0.92,4.92,"4U mydło antybakteryjne 500ml"]
[65,"Mydło w płynie zagęszczone, antybakteryjne, białe, doskonałe do dozowników, zawiera substancje nawilżające i pielęgnujące, testowane dermatologicznie, zgłoszone do krajowego rej. kosmetyków. Pojemność min. 5l.","szt.",1,{"v":10,"d":"10.00"},{"v":10,"d":"10.00"},{"v":0.23,"d":"23%"},{"v":2.3000000000000003,"d":"2.30"},{"$f":"F71+H71","v":{"v":12.3,"d":"12.30"}},"BARON białe mydło antybakteryjne 5l"]
[66,"Papier toaletowy dwuwarstwowy  JUMBO, Surowiec: celuloza, kolor biały,minimum 100m w jednej rolce, gramatura nie mniej niż ( 2 x 16 g/m2 ) średnica rolki 18 cm, szerokość rolki 9 cm. Opakowanie 12szt. WYMAGANA PRÓBKA!","opak.",1,33.65,{"$f":"E72*D72","v":33.65},{"v":0.23,"d":"23%"},{"$f":"F72*G72","v":{"v":7.7395,"d":"7.74"}},{"v":41.3895,"d":"41.39"},"Papier toaletowy JUMBO 100M celuloza 2-wy"]
[67,"Papier toaletowy, dwuwarstwowy, biały celulozowy, micro gofrowany, zmiejszajacy ryzyko zatykania rur, redukuje nieprzyjemny zapach długość rolki: min.19,8 gramatura:min. 16,5g/m2. Średnica rolki min.10,2cm, wysokość listka:min. 9,5cm, długość listka: min.11cm, Opakowanie:min.24szt. WYMAGANA PRÓBKA!","opak.",1,{"v":25,"d":"25.00"},{"v":25,"d":"25.00"},{"v":0.23,"d":"23%"},5.75,30.75,"407575 Superior Toilet Paper Roll"]
[68,"Ręczniki kuchenne MAXI dwuwarstwowe 100 m w jednej rolce.  Zawartość celulozy 100%.  Opakowanie 6 rolek. WYMAGANA PRÓBKA!","op",1,{"v":38,"d":"38.00"},{"v":38,"d":"38.00"},{"v":0.23,"d":"23%"},8.74,46.74,"Ręcznik kuchenny MAXI 100m celuloza "]
[69,"Ręcznik papierowy celulozowy, ZZ 2-warstwowy, rozmiar listka min. 230mmx210mm, wymagamy aby ręcznik był dopuszczony do kontaktu z żywnością, chłonny, pozwalający wyciągnąć się z dozownika pojedynczymi listkami mokrą ręką, bezzapachowy, opakowanie: karton min.3000 listków.","karton",1,{"v":46,"d":"46.00"},{"v":46,"d":"46.00"},{"v":0.23,"d":"23%"},10.58,56.58,"Ręcznik ZZ CELULOZA karton 3000 listków"]
[70,"Czyściwo białe celulozowe dwuwarstwowe, wytrzymałe,super chłonne,odporne i wydajne, miękkie i niskopylące, długość rolki min.152m, wysokość listka:min. 23,4cm, długość listka min 38cm, średnica roli min.25cm. WYMAGANA PRÓBKA!","szt.",1,{"v":28.5,"d":"28.50"},{"v":28.5,"d":"28.50"},{"v":0.23,"d":"23%"},{"v":6.555000000000001,"d":"6.56"},{"v":35.055,"d":"35.06"},"407557 DRY TECH"]
[71,"Dozownik do mydła, pojemność min. 0,5l. Materiał obudowy: tworzywo ABS, kolor obudowy: biały, sposób uruchamiania: przycisk. Przeznaczenie: mydło w płynie. Rodzaj montażu: naścienny, przykręcany. Opakowanie zawiera zestaw wkrętów z kołkami, zawór niekapek, zbiornik wielokrotnego napełniania, można uzupełniać z kanistra. Wymiary: min. wysokość: 16cm, szerokość: 9cm, głębokość: 9cm","szt.",1,{"v":40,"d":"40.00"},{"v":40,"d":"40.00"},{"v":0.23,"d":"23%"},{"v":9.200000000000001,"d":"9.20"},{"v":49.2,"d":"49.20"},"Dozownik do mydła 0,5l"]
[72,"Dozownik do papieru Jumbo, biały, tworzywo ABS, zamykany na kluczyk, okienko do kontroli ilości papieru. Wymiary min. wysokość: 32,5cm, szerokość: 31cm, głębokość: 13,5cm","szt.",1,{"v":70,"d":"70.00"},{"v":70,"d":"70.00"},{"v":0.23,"d":"23%"},{"v":16.1,"d":"16.10"},{"v":86.1,"d":"86.10"},"Dozownik do papieru Jumbo"]
[73,"Pojemnik na ręczniki z-z, biały, tworzywo ABS, pojemność 400 listków, zamykany na kluczyk, okienko do kontroli ilości ręczników. Wymiary: min. Wysokość: 24,5cm, szerokość: 25,5cm, głębokość: 13cm ","szt.",1,{"v":70,"d":"70.00"},{"v":70,"d":"70.00"},{"v":0.23,"d":"23%"},{"v":16.1,"d":"16.10"},{"v":86.1,"d":"86.10"},"Dozownik do ręczników  Z-Z "]
[74,"Worki na śmieci 7 l. Rozmiar 35x40 ( 1 opakowanie 25 szt.)","szt.",1,1.85,1.85,{"v":0.23,"d":"23%"},{"v":0.42550000000000004,"d":"0.43"},{"v":2.2755,"d":"2.28"},"WOREK na śmieci 7l"]
[75,"Worki na śmieci czarne 60 l. ( 1 opakowanie = 50 sztuk)","op.",1,8.35,8.35,{"v":0.23,"d":"23%"},{"v":1.9205,"d":"1.92"},{"v":10.2705,"d":"10.27"},"WOREK na śmieci 60l a'50 CZARNY"]
[76,"Worki na śmieci czarne 120 l. ( 1 opakowanie =25 sztuk )","op.",1,{"v":8.2,"d":"8.20"},{"v":8.2,"d":"8.20"},{"v":0.23,"d":"23%"},{"v":1.886,"d":"1.89"},{"v":10.085999999999999,"d":"10.09"},"WOREK na śmieci 120l a'25 CZARNY"]
[77,"Worki na śmieci czarne 35 l. ( 1 opakowanie = 50  sztuk )","op.",1,{"v":5.6,"d":"5.60"},{"v":5.6,"d":"5.60"},{"v":0.23,"d":"23%"},{"v":1.288,"d":"1.29"},{"v":6.888,"d":"6.89"},"WOREK na śmieci  35l a'50 CZARNY"]
[78,"Worki do śmieci pojemność 35l. Rozmiar 53x74 cm.Gruba folia. Rączki do przenoszenia (jak reklamówka). Kolor żółty. Opakowanie zawiera 20 szt.","op.",1,{"v":8.5,"d":"8.50"},{"v":8.5,"d":"8.50"},{"v":0.23,"d":"23%"},{"v":1.955,"d":"1.96"},{"v":10.455,"d":"10.46"},"WOREK na śmieci 35l a'20 ŻÓŁTY BUNNY BAGS "]
[79,"Ochraniacze foliowe  na obuwie na basen jednorazowe z gumką. Wyrób medyczny*). Opakowanie 100szt.","op.",1,{"v":8,"d":"8.00"},{"v":8,"d":"8.00"},{"v":0.08,"d":"8%"},0.64,8.64,"OCHRANIACZE FOLIOWE NA OBUWIE 100SZT."]
[80,"Kapsułki do zmywarki, myjące, nabłyszczające i zmiękczające, opakowanie  min. 90 szt.max 120szt.","op.",1,{"v":70,"d":"70.00"},{"v":70,"d":"70.00"},{"v":0.23,"d":"23%"},{"v":16.1,"d":"16.10"},{"v":86.1,"d":"86.10"},"Fairy Platinum ALL in ONE"]
[81,"Płyn nabłyszczający do zmywarki. Pojemność min. 400 ml ","szt.",1,{"v":9.8,"d":"9.80"},{"v":9.8,"d":"9.80"},{"v":0.23,"d":"23%"},{"v":2.2540000000000004,"d":"2.25"},{"v":12.054000000000002,"d":"12.05"},"FINISH 400ML NABŁYSZCZACZ"]
[82,"Sól do zmywarek. Opakowanie  min. 2kg ","szt.",1,{"v":13.5,"d":"13.50"},{"v":13.5,"d":"13.50"},{"v":0.23,"d":"23%"},{"v":3.105,"d":"3.11"},{"v":16.605,"d":"16.61"},"SUN SÓL DO ZMYWARKI 2KG"]
[83,"Odświeżacz cytrynowy w zawieszce do zmywarek","szt.",1,{"v":6,"d":"6.00"},{"v":6,"d":"6.00"},{"v":0.23,"d":"23%"},{"v":1.3800000000000001,"d":"1.38"},7.38,"ODŚWIEŻACZ CYTRYNOWY BRILLY"]
[84,"Płyn do czyszczenia zmywarki cytrynowy. Pojemność min. 250 ml.","szt.",1,{"v":4.8,"d":"4.80"},{"v":4.8,"d":"4.80"},{"v":0.23,"d":"23%"},{"v":1.104,"d":"1.10"},{"v":5.904,"d":"5.90"},"DIX DO MYCIA ZMYWARKI 250ML"]
[85,"Odkamieniacz w saszetkach do czajnika elektrycznego. Opakowanie min. 2X75g","szt.",1,{"v":7,"d":"7.00"},{"v":7,"d":"7.00"},{"v":0.23,"d":"23%"},1.61,8.61,"KAMIX odkamieniacz 2x75g"]
[86,"Krem ochronny do rąk o gęstej konsystencji, o właściwościach ochronnych, nawilżających i pielęgnacyjnych. Przeznaczony do skóry przesuszonej, podrażnionej i szorstkiej, zniszczonej częstym myciem i stosowaniem środków do dezynfekcji. Kosmetyk powinien zawierać w swoim składzie m.in. witaminę E, glicerynę i oliwę z oliwek. Krem łagodzący podrażnienia skóry i pozostawiający lekką ochronną warstwę, przebadany dermatologicznie i zgłoszony do CPNP.  Wielkość opakowania min. 100 ml.  ","szt.",1,{"v":7.8,"d":"7.80"},{"v":7.8,"d":"7.80"},{"v":0.23,"d":"23%"},{"v":1.794,"d":"1.79"},{"v":9.594,"d":"9.59"},"VELODES cream 100ml"]
[87,"Pasta BHP ze ścierniwem. Opakowanie min. 500g.","szt.",1,2.25,2.25,{"v":0.23,"d":"23%"},{"v":0.5175000000000001,"d":"0.52"},{"v":2.7675,"d":"2.77"},"PASTA BHP ZE ŚCIERNIWEM 500g"]
[88,"Rękawice robocze gumowe flokowane. Wykonane z lateksu, kauczuku naturalnego. Wewnętrzna powierzchnia rękawic pokryta flokiem (pyłem bawełnianym), co ułatwia wkładanie i zdejmowanie oraz zapobiega poceniu się rąk w czasie użytkowania. Rozmiary XS, S, M, L, XL","para",1,{"v":2.1,"d":"2.10"},{"v":2.1,"d":"2.10"},{"v":0.23,"d":"23%"},{"v":0.48300000000000004,"d":"0.48"},{"v":2.583,"d":"2.58"},"RĘKAWICE ROBOCZE GUMOWE flokowane"]
[89,"Proszek biały lub kolor do prania w pralkach automatycznych. Opakowanie min. 7kg  ","szt.",1,{"v":65,"d":"65.00"},{"v":65,"d":"65.00"},{"v":0.23,"d":"23%"},{"v":14.950000000000001,"d":"14.95"},79.95,"OMO AUTOMAT WHITE 7kg, OMO AUTOMAT COLOR 7kg"]
[90," Płyn do płukania tkanin. Pojemność  min. 1l","szt.",1,{"v":6.8,"d":"6.80"},{"v":6.8,"d":"6.80"},{"v":0.23,"d":"23%"},{"v":1.564,"d":"1.56"},{"v":8.364,"d":"8.36"},"BOOSTER 1l płyn do płukania"]
[91,"Proszek do czysczenia dywanów doodkurzaczy KARCHER RM 760. Opakowanie min. 0.8 kg","szt.",1,{"v":65,"d":"65.00"},{"v":65,"d":"65.00"},{"v":0.23,"d":"23%"},{"v":14.950000000000001,"d":"14.95"},79.95,"KARCHER RM 760 0,8 kg"]
[92,"Preparat w postaci spray-u do usuwania tłustych \nplam z wykładzin tekstylnych, dywanów, tapicerki. Na bazie rozpuszczalników organicznych. Usuwający ślady po: atramencie, długopisach, śladów szminki do ust, olejów, smoły \noraz pasty do butów, pH min 7,5 Gęstość: min. 0,90 g/m3. Pojemność: min 500ml","szt.",1,{"v":89,"d":"89.00"},{"v":89,"d":"89.00"},{"v":0.23,"d":"23%"},{"v":20.470000000000002,"d":"20.47"},109.47,"TASKI Tapi Stain  Remover 2"]
[93,"Spray czyszczący do dywanów i tapicerki zapewniający całkowite wybawienie plam,zawierający zwiazki wybielające na bazie tlenu,anionowe i nieanionowe środki powierzchniowo czynne. Pojemność min. 500 ml. ","szt.",1,{"v":21,"d":"21.00"},{"v":21,"d":"21.00"},{"v":0.23,"d":"23%"},4.83,25.83,"VANISH spray 500ml"]
[94,"Odświeżacz powietrza w aerozolu, różne zapachy (oprócz leśnego i morskiego). Pojemność min.400 ml.","szt.",1,{"v":4.5,"d":"4.50"},{"v":4.5,"d":"4.50"},{"v":0.23,"d":"23%"},{"v":1.0350000000000001,"d":"1.04"},{"v":5.535,"d":"5.54"},"KOLORADO 400ml"]
[95,"Odświeżacz powietrza elektryczny  z technologią Odourclear ,różne zapachy ( urządzenie+zapach). Pojemność min. 20 ml.","kpl.",1,{"v":30,"d":"30.00"},{"v":30,"d":"30.00"},{"v":0.23,"d":"23%"},{"v":6.9,"d":"6.90"},{"v":36.9,"d":"36.90"},"AMBI PUR ELEKTRIC kpl. 20ml różne zapachy"]
[96,"Wkład do w/w  odświeżacza elektrycznego. Różne zapachy. Pojemność min. 20 ml.","szt.",1,{"v":18,"d":"18.00"},{"v":18,"d":"18.00"},{"v":0.23,"d":"23%"},{"v":4.140000000000001,"d":"4.14"},22.14,"AMBI PUR ELEKTRIC zapas 20ml różne zapachy"]
[97,"Automatyczny odświeżacz powietrza- działanie w dwóch trybach, automatycznie i  ręcznie za pomocą przycisku. Zestaw zawiera urządzenie oraz wkład zapachowy kompatybilny z oferowanym urządzeniem o pojemności min. 269 ml.","kpl.",1,{"v":30,"d":"30.00"},{"v":30,"d":"30.00"},{"v":0.23,"d":"23%"},{"v":6.9,"d":"6.90"},{"$f":"F103+H103","v":{"v":36.9,"d":"36.90"}},"Glade  269ml automatyczny odświeżacz"]
[98,"Wkład do w/w odświerzacza powietrza.różne zapachy. Pojemność min. 269ml","szt.",1,{"v":25,"d":"25.00"},{"v":25,"d":"25.00"},{"v":0.23,"d":"23%"},5.75,30.75,"Zapas do odświeżacza Glade automatic spray 269ml"]
[99,"Spray pleśniobójczy. Niszczy pleśń, glony, mech, grzyby i bakterie. Pojemność  min. 500ml.","szt.",1,{"v":15,"d":"15.00"},{"v":15,"d":"15.00"},{"v":0.08,"d":"8%"},{"v":1.2,"d":"1.20"},{"v":16.2,"d":"16.20"},"SAVO przeciw pleśni 500ml"]
[100,"Zawieszki żelowe przeciw molom o zapachu lawendy.  Opakowanie zawierające 2 sztuki","szt.",1,{"v":18,"d":"18.00"},{"v":18,"d":"18.00"},{"v":0.23,"d":"23%"},{"v":4.140000000000001,"d":"4.14"},22.14,"RAID A'2 żelowe zawieszki przeciw molom "]
[101,"Aerozol skutecznie zwalcza owady latające: muchy, komary, muszki owocowe, osy i dorosłe osobniki moli odzieżowych w pomieszczeniach. Pojemność min. 400 ml.","szt.",1,{"v":27,"d":"27.00"},{"v":27,"d":"27.00"},{"v":0.23,"d":"23%"},6.21,33.21,"MUCHOSPRAY na muchy i komary 400ml"]
[102,"Gąbka gospodarcza brązowa z poliuretanu, wymiary produktu: 19 x 13 x 6 cm (+/- 0,5cm).","szt.",1,{"v":7.5,"d":"7.50"},{"v":7.5,"d":"7.50"},{"v":0.23,"d":"23%"},{"v":1.725,"d":"1.73"},{"v":9.225,"d":"9.23"},"Gąbka gospodarcza brąz 19x13x6cm"]
[103,"Ściągaczka ręczna do okien szerokość min. 30cm, max. 35cm na wysięgniku (dwustronna) .","szt.",1,{"v":76.6,"d":"76.60"},{"v":76.6,"d":"76.60"},{"v":0.23,"d":"23%"},{"v":17.618,"d":"17.62"},{"v":94.21799999999999,"d":"94.22"},"VILEDA 159520"]
[104,"Szczotka kula z wysięgnikiem do kurzu i pajęczyn.","szt.",1,{"v":30,"d":"30.00"},{"v":30,"d":"30.00"},{"v":0.23,"d":"23%"},{"v":6.9,"d":"6.90"},{"v":36.9,"d":"36.90"},"SZCZOTKA KULA"]
[105,"Podwójna szczotka do WC z czyścikiem bocznym z pojemnikiem. Tworzywo plastik","szt.",1,{"v":20,"d":"20.00"},{"v":20,"d":"20.00"},{"v":0.23,"d":"23%"},{"v":4.6000000000000005,"d":"4.60"},{"v":24.6,"d":"24.60"},"Zestaw do czyszczenia WC LUX YORK BACTERIA STOP ANTYBAKTERYJNA  WOLNOSTOJĄCA szczotka wc z pętelką do tolaety"]
[106,"Szczotka do WC z pojemnikiem. Tworzywo plastik.","szt.",1,{"v":4.5,"d":"4.50"},{"v":4.5,"d":"4.50"},{"v":0.23,"d":"23%"},{"v":1.0350000000000001,"d":"1.04"},{"v":5.535,"d":"5.54"},"SZCZOTKA WC "]
[107,"Szrober.","szt.",1,{"v":5,"d":"5.00"},{"v":5,"d":"5.00"},{"v":0.23,"d":"23%"},{"v":1.1500000000000001,"d":"1.15"},6.15,"SZROBER"]
[108,"Ściągaczka do mycia podłóg, czarna guma o szerokości min. 75cm z kijem ","szt.",1,{"v":70,"d":"70.00"},{"v":70,"d":"70.00"},{"v":0.23,"d":"23%"},{"v":16.1,"d":"16.10"},{"v":86.1,"d":"86.10"},"Ściągaczka do podłóg czarna szerokość 75cm + kij"]
[109,"Miotła drewniana szerokości min. 40 cm  ","szt.",1,{"v":15,"d":"15.00"},{"v":15,"d":"15.00"},{"v":0.23,"d":"23%"},3.45,18.45,"MIOTŁA DREWNIANA 40cm "]
[110,"Szufelka, wykonana z tworzywa sztucznego zakończona gumką, Szczotka – zmiotka, z tworzywa sztucznego z włosiem sztucznym","kpl.",1,{"v":4.5,"d":"4.50"},{"v":4.5,"d":"4.50"},{"v":0.23,"d":"23%"},{"v":1.0350000000000001,"d":"1.04"},{"v":5.535,"d":"5.54"},"YORK SZUFELKA z gumą +ZMIOTKA"]
[111,"Szczotka, miotła do zamiatania: długość : min. 29,5 cm / 34 cm (włos), wysokość :11 - 11,5 cm,  szerokość : 5-6,2 cm / 11 -11,5 cm (włos), długość włosa szczotki : 7,5 cm,minimalna waga produktu 295gr.","szt.",1,{"v":12.5,"d":"12.50"},{"v":12.5,"d":"12.50"},{"v":0.23,"d":"23%"},{"v":2.875,"d":"2.88"},{"v":15.375,"d":"15.38"},"MIOTŁA REGINA"]
[112,"Trzonek drewniany z plastikową końcówką o długości min. 150 cm, max. 160cm, wkręcany","szt.",1,{"v":6,"d":"6.00"},{"v":6,"d":"6.00"},{"v":0.23,"d":"23%"},{"v":1.3800000000000001,"d":"1.38"},7.38,"Kij drewniany 150cm"]
[113,"Zestaw do zamiatania, zmiotka i szufelka na kiju. Możliwość łączenia ze sobą szczotki i szufelki. ","kpl.",1,{"v":19.5,"d":"19.50"},{"v":19.5,"d":"19.50"},{"v":0.23,"d":"23%"},{"v":4.485,"d":"4.49"},{"v":23.985,"d":"23.99"},"ZESTAW LENIUCH"]
[114,"Miotła ulicówka szerokość min. 60 cm, max. 70 cm z włosia pvc z metalowym uchwytem","szt.",1,{"v":12.5,"d":"12.50"},{"v":12.5,"d":"12.50"},{"v":0.23,"d":"23%"},{"v":2.875,"d":"2.88"},{"v":15.375,"d":"15.38"},"Miotła ULICÓWKA 60cm"]
[115,"Pady\"16\" białe do urządzenia NUMATIC. Pad do polerowania posadzek za pomocą maszyn wysokoobrotowych do 1500 obr./min. Pad do polerowania posadzek wykonanych z płytek ceramicznych, PCV, linoleum, tworzyw sztucznych i innych delikatnych podłóg zabezpieczonych lub niezabezpieczonych polimerową powłoką ochronną. Opakowanie: karton - 5 sztuk padów. Grubość pada 1\"(cal) - 2,53 (+/- 0,4cm)","op.",1,{"v":80,"d":"80.00"},{"v":80,"d":"80.00"},{"v":0.23,"d":"23%"},{"v":18.400000000000002,"d":"18.40"},{"v":98.4,"d":"98.40"},"PAD biały opak. 5szt."]
[116,"Pady \"16\" z melaminy przeznaczony do maszynowego czyszczenia podłóg. . Opakowanie: karton - 5 sztuk padów.","op.",1,{"v":105,"d":"105.00"},{"v":105,"d":"105.00"},{"v":0.23,"d":"23%"},{"v":24.150000000000002,"d":"24.15"},129.15,"PAD 16'' z melaminy opak. 5szt."]
[117,"Pady \"16\" zielone do urządzenia NUMATIC. Opakowanie: karton - 5 szt.Opakowanie: karton - 5 sztuk padów.","op.",1,{"v":80,"d":"80.00"},{"v":80,"d":"80.00"},{"v":0.23,"d":"23%"},{"v":18.400000000000002,"d":"18.40"},{"v":98.4,"d":"98.40"},"Pad 16'' zielony opak. 5szt."]
[118,"Pad czyszczący kolor brązowy rozmiar 17``  do maszyny czyszczącej TASKI SWINGO 755B ECO BMS","szt.",1,{"v":25,"d":"25.00"},{"v":25,"d":"25.00"},{"v":0.23,"d":"23%"},5.75,30.75,"Pad 17'' brązowy "]
[119,"Pad czyszczący kolor zielony rozmiar 17``  do maszyny czyszczącej TASKI SWINGO 755B ECO BMS","szt.",1,{"v":25,"d":"25.00"},{"v":25,"d":"25.00"},{"v":0.23,"d":"23%"},5.75,30.75,"Pad 17'' zielony"]
[120," Pad czyszczący 14\" do wyboru kolory: czerwony, brązowy, czarny","szt.",1,{"v":15,"d":"15.00"},{"v":15,"d":"15.00"},{"v":0.23,"d":"23%"},3.45,18.45,"Pad czyszczący 14''  czerwony, brązowy i czarny"]
[121," Pad czyszczący 16\", do wyboru kolory: czerwony, brązowy i czarny","szt.",1,{"v":19,"d":"19.00"},{"v":19,"d":"19.00"},{"v":0.23,"d":"23%"},4.37,23.37,"Pad czyszczący 16'' czerwony, brązowy i czarny"]
[122," Pad czyszczący 17\" do wyboru kolory: czerwony, brązowy i czarny","szt.",1,{"v":25,"d":"25.00"},{"v":25,"d":"25.00"},{"v":0.23,"d":"23%"},5.75,30.75,"Pad czyszczący 17'' czerwony, brązowy i czarny"]
[123,"Szczotka do I- scrub kolor do wyboru","szt.",1,{"v":45,"d":"45.00"},{"v":45,"d":"45.00"},{"v":0.23,"d":"23%"},10.35,55.35,"KIT ASSY BRUSH I-SCRUB 21B"]
[124,"Tarcza do I- scrub komplet  2szt.","szt.",1,{"v":200,"d":"200.00"},{"v":200,"d":"200.00"},{"v":0.23,"d":"23%"},{"v":46,"d":"46.00"},{"v":246,"d":"246.00"},"KIT ASSY PAD HOLDER I-SCRUB 21B"]
[125,"Pad do I- scrub do wyboru kolor","szt.",1,{"v":48,"d":"48.00"},{"v":48,"d":"48.00"},{"v":0.23,"d":"23%"},{"v":11.040000000000001,"d":"11.04"},59.04,"KIT PAD I-SCRUB 21"]
[126,"Szczotka nylonowa wysoka do szorowarki primaster","szt.",1,{"v":300,"d":"300.00"},{"v":300,"d":"300.00"},{"v":0.23,"d":"23%"},{"v":69,"d":"69.00"},{"v":369,"d":"369.00"},"SZCZOTKA NYLON WYSOKA "]
[127,"Pad do packi ręcznej i packi na kij, prostokątny kolor brązowy","szt.",1,{"v":5,"d":"5.00"},{"v":5,"d":"5.00"},{"v":0.23,"d":"23%"},{"v":1.1500000000000001,"d":"1.15"},6.15,"Pad do packi ręcznej i na kij brązowy"]
[128,"Zestaw: packa szorująca prostokątna, wymiary min. 23cm x10cm (+/-0,5cm) na kiju + kij aluminiowy min. 140cm","zestaw",1,{"v":189,"d":"189.00"},{"v":189,"d":"189.00"},{"v":0.23,"d":"23%"},43.47,232.47,"ZESTAW PACKA NA KIJ + kij aluminiowy 140cm"]
[129,"Szczotka tyneksowa 450 mm, bardzo twarda do szorowarek i urządzeń czyszczących, przeznaczona do czyszczenia posadzek odpornych na zarysowania. Do urządzenia Numatic 1500 ( TT3450, TT4045, TTB3450 oraz TTB4045).","szt.",1,{"v":1000,"d":"1,000.00"},{"v":1000,"d":"1,000.00"},{"v":0.23,"d":"23%"},{"v":230,"d":"230.00"},{"$f":"F135+H135","v":{"v":1230,"d":"1,230.00"}},"SZCZOTKA TYNEKSOWA 450mm 606306 "]
[130,"Wiadro plastikowe. Pojemność 10l","szt.",1,{"v":10,"d":"10.00"},{"$f":"E136*D136","v":{"v":10,"d":"10.00"}},{"v":0.23,"d":"23%"},{"$f":"F136*G136","v":{"v":2.3000000000000003,"d":"2.30"}},{"v":12.3,"d":"12.30"},"Wiadro 10l"]
[133,"Wiadro  z ociekaczem do mopa okrągłego Pojemność 12l.","szt.",1,{"v":11.5,"d":"11.50"},{"v":11.5,"d":"11.50"},{"v":0.23,"d":"23%"},{"v":2.645,"d":"2.65"},{"v":14.145,"d":"14.15"},"Wiadro okrągłę z wyciskaczem"]
[134,"Wiadro z wyciskarką i  mopem płaskim .Mikroaktywne włókna nakładki,wymiary nakładki:42 x 13,5 cm (+/-1%). Drążek teleskopowy. min.130cm, max.145cm. W zestawie wymienny wkład. (+/-1%)","kpl.",1,{"v":110,"d":"110.00"},{"v":110,"d":"110.00"},{"v":0.23,"d":"23%"},{"v":25.3,"d":"25.30"},{"v":135.3,"d":"135.30"},"ZESTAW ULTRAMAX XL"]
[135,"Wkład do mopa płaski 42cm x13,5cm (+/-1%) kompatybilny z poz.150 ","szt.",1,{"v":35.8,"d":"35.80"},{"v":35.8,"d":"35.80"},{"v":0.23,"d":"23%"},{"v":8.234,"d":"8.23"},{"v":44.034,"d":"44.03"},"WKŁAD ULTRAMAX XL"]
[136,"Mop sznurkowy, wkręcany, długość sznurka min. 20 cm. Gramatura min. 250g.","szt.",1,{"v":8.5,"d":"8.50"},{"v":8.5,"d":"8.50"},{"v":0.23,"d":"23%"},{"v":1.955,"d":"1.96"},{"v":10.455,"d":"10.46"},"Mop sznurkowy 250g"]
[137,"Mop sznurkowy, wkręcany, długość sznurka min. 30cm. Gramatura min. 300g.","szt.",1,{"v":9.5,"d":"9.50"},{"v":9.5,"d":"9.50"},{"v":0.23,"d":"23%"},{"v":2.185,"d":"2.19"},{"v":11.685,"d":"11.69"},"Mop sznurkowy 300g"]
[138,"MOP paskowy na trzonek wkręcany. Długość 29-30cm."," szt.",1,{"v":7.8,"d":"7.80"},{"v":7.8,"d":"7.80"},{"v":0.23,"d":"23%"},{"v":1.794,"d":"1.79"},{"v":9.594,"d":"9.59"},"MOP paskowy ZEBRA"]
[139,"Mop płaski z mikrofibry, ze specjalnymi wypustkami 80% poliester, 20% poliamid,nadaje się do sprzątania na mokro i sucho, nawet bez użycia detergentów. Wymiary min. 43cm x 14,5cm. WYMAGANA PRÓBKA","szt.",1,{"v":9.3,"d":"9.30"},{"v":9.3,"d":"9.30"},{"v":0.23,"d":"23%"},{"v":2.1390000000000002,"d":"2.14"},{"v":11.439,"d":"11.44"},"MOP SALSA - szenilowy"]
[140,"Wkład do stelaża, sznurkowy bawełniany długość 100 cm mocowanie kieszeniowe półokrągłe","szt.",1,{"v":48,"d":"48.00"},{"v":48,"d":"48.00"},{"v":0.23,"d":"23%"},{"v":11.040000000000001,"d":"11.04"},59.04,"WKŁAD 100cm, SZNURKOWY, BAWEŁNIANY, KIESZENIOWY, MOCOWANIE PÓŁOKRĄGŁE"]
[141,"Mop płaski bawełna, długość  40 trapezowy.","szt.",1,{"v":12.5,"d":"12.50"},{"v":12.5,"d":"12.50"},{"v":0.23,"d":"23%"},{"v":2.875,"d":"2.88"},{"v":15.375,"d":"15.38"},"MOP PŁASKI BAWEŁNA, 40CM TRAPEZOWY"]
[142,"Mop płaski bawełna 40 cm DUO ","szt.",1,{"v":15.5,"d":"15.50"},{"v":15.5,"d":"15.50"},{"v":0.23,"d":"23%"},{"v":3.565,"d":"3.57"},{"v":19.065,"d":"19.07"},"Mop płaski bawełna 40cm DUO"]
[143,"Mop płaski mikrofibra 40 cm DUO","szt.",1,{"v":18,"d":"18.00"},{"v":18,"d":"18.00"},{"v":0.23,"d":"23%"},{"v":4.140000000000001,"d":"4.14"},22.14,"Mop płaski mikrofibra 40cm DUO"]
[144,"Mop płaski mikrofibra 40 cm trapezowy","szt.",1,{"v":23,"d":"23.00"},{"v":23,"d":"23.00"},{"v":0.23,"d":"23%"},5.29,28.29,"Mop płaski mikrofibra 40cm, trapezowy"]
[145,"Mop płaski bawełna DUO 50 cm ","szt.",1,{"v":25,"d":"25.00"},{"v":25,"d":"25.00"},{"v":0.23,"d":"23%"},5.75,30.75,"Mop płaski bawełna DUO 50cm"]
[146,"Mop płaski mikrofibra DUO 50 cm ","szt.",1,{"v":25,"d":"25.00"},{"v":25,"d":"25.00"},{"v":0.23,"d":"23%"},5.75,30.75,"Mop płaski mikrofibra 50cm DUO"]
[147,"Wkład do stelaża płaskiego, bawełna 80 cm akrylowy mocowanie kieszeniowe półokrągłe","szt.",1,{"v":40,"d":"40.00"},{"v":40,"d":"40.00"},{"v":0.23,"d":"23%"},{"v":9.200000000000001,"d":"9.20"},{"v":49.2,"d":"49.20"},"Wkład 80cm bawełna, mocowanie kieszeniowe półokrągłe"]
[148,"Wkład do stelaża, bawełniany, sznurkowy długość 40cm mocowanie typu kombi (2 kieszenie + tasiemka)","szt.",1,{"v":25,"d":"25.00"},{"v":25,"d":"25.00"},{"v":0.23,"d":"23%"},5.75,30.75,"Wkład do stelaża bawełniany, 40cm bawełniany, sznurkowy, typ kombi(2kieszenie + tasiemka)"]
[149,"Wkład do stelaża, bawełniany, sznurkowy długość 50cm mocowanie na uchwyt trapezowy","szt.",1,{"v":25,"d":"25.00"},{"v":25,"d":"25.00"},{"v":0.23,"d":"23%"},5.75,30.75,"Wkład do stelaża bawełniany, sznurkowy, 50cm mocowanie na uchwyt trapezowy"]
[150,"Wkład do stelaża, bawełniany, sznurkowy długość 50cm mocowanie na dwie kieszenie","szt.",1,{"v":25,"d":"25.00"},{"v":25,"d":"25.00"},{"v":0.23,"d":"23%"},5.75,30.75,"Wkład do stelaża bawełniany, sznurkowy, 50cm, kieszeniowy"]
[151,"Wkład do stelaża, bawełniany, sznurkowy długość  50cm mocowanie typu kombi (2 kieszenie + tasiemka)","szt.",1,{"v":45,"d":"45.00"},{"v":45,"d":"45.00"},{"v":0.23,"d":"23%"},10.35,55.35,"Wkład do stelaża, bawełniany, sznurkowy, 50cm mocowanie typu kombi (2 kieszenie + tasiemka)"]
[152,"Wkład do stelaża, bawełniany długość 80cm mocowanie kieszeniowe półokrągłe","szt.",1,{"v":25,"d":"25.00"},{"v":25,"d":"25.00"},{"v":0.23,"d":"23%"},5.75,30.75,"Wkład bawełniany, 80cm mocowanie kieszeniowe popółokrągłe"]
[153,"Wkład do stelaża typu speedy, bawełniany długość 50cm mocowanie na zatrzaski","szt.",1,{"v":21.5,"d":"21.50"},{"v":21.5,"d":"21.50"},{"v":0.23,"d":"23%"},{"v":4.945,"d":"4.95"},{"v":26.445,"d":"26.45"},"Wkład do stelaża typu speedy, 50cm "]
[154,"Wkład do mopa Vileda Ultramax płaski 35cm","szt.",1,{"v":20,"d":"20.00"},{"v":20,"d":"20.00"},{"v":0.23,"d":"23%"},{"v":4.6000000000000005,"d":"4.60"},{"v":24.6,"d":"24.60"},"WKŁAD ULTRAMAX "]
[155,"Wkład do stelaża płaskiego z mikrofibry 40 cm mocowanie na dwie kieszenie.","szt.",1,{"v":20,"d":"20.00"},{"v":20,"d":"20.00"},{"v":0.23,"d":"23%"},{"v":4.6000000000000005,"d":"4.60"},{"v":24.6,"d":"24.60"},"Wkład do stelaża płaskiego, mikrofibra 40cm na 2 kieszenie"]
[156,"Wkład do mopa płaskiego z mikrofibry 40 cm mocowanie typu kombi (2 kieszenie + tasiemka)","szt.",1,{"v":26,"d":"26.00"},{"v":26,"d":"26.00"},{"v":0.23,"d":"23%"},5.98,31.98,"Wkład do stelaża płaskiego, mikrofibra, 40cm mocowanie typu kombi (2kieszenie + tasiemka)"]
[157,"Wkład do stelaża płaskiego z mikrofibry 50 cm, mocowanie typu kombi (2 kieszenie + tasiemka)","szt.",1,{"v":26,"d":"26.00"},{"v":26,"d":"26.00"},{"v":0.23,"d":"23%"},5.98,31.98,"Wkład do stelaża płaskiego z mikrofibry, 50cm mocowanie typu kombi (2 kieszenie + tasiemka)"]
[158,"Kij, drążek aluminiowy, dł. 140 cm do stelaża speedy.","szt.",1,{"v":15,"d":"15.00"},{"v":15,"d":"15.00"},{"v":0.23,"d":"23%"},3.45,18.45,"KIJ aluminiowy 140cm"]
[159,"Stelaż speedy 40 cm. Kompatybilny z w/w kijem  ","szt.",1,{"v":39,"d":"39.00"},{"v":39,"d":"39.00"},{"v":0.23,"d":"23%"},8.97,47.97,"Stelaż speedy 40cm"]
[160,"Mop płaski kieszeniowy do uchwytów zapinanych bawełniany cały kpl. z kijem 40cm","szt.",1,{"v":75,"d":"75.00"},{"v":75,"d":"75.00"},{"v":0.23,"d":"23%"},17.25,92.25,"Kpl. mop płaski kieszeniowy 40cm + uchwyt + kij 140cm"]
[161,"Mop płaski kieszeniowy do uchwytów zapinanych bawełniany cały kpl. z kijem 50cm","kol",1,{"v":85,"d":"85.00"},{"v":85,"d":"85.00"},{"v":0.23,"d":"23%"},19.55,104.55,"Kpl. mop płaski kieszeniowy 50cm + uchwyt 50cm + kij 140cm"]
[162,"Kpl. Stelaż DUST 100cm metalowy łamany z kijem 140 cm","kpl.",1,{"v":75,"d":"75.00"},{"v":75,"d":"75.00"},{"v":0.23,"d":"23%"},17.25,92.25,"Kpl. DUST 100cm stelaż DUST + kij 140cm"]
[163,"Środek do konserwacji i mycia wszelkiego rodzaju powierzchni stalowych takich jak dozowniki i podajniki na artykułu higieniczne, kosze, windy oraz inne elementy wykonane ze stali także w obszarach kuchennych nie mających kontaktu z żywnością, konserwuje i czyści powierzchnię. Usuwa naloty wapienne. Zapobiega powstawania nacieków wodnych, pH: 5-6, gęstość 20 ºC: 970 - 980 kg/m3. Pojemność: min. 500ml  ","szt.",1,{"v":65,"d":"65.00"},{"v":65,"d":"65.00"},{"v":0.23,"d":"23%"},{"v":14.950000000000001,"d":"14.95"},{"$f":"F167+H167","v":79.95},"MERIDA B & H LINE STAL SZLACHETNA NMH006 500ml"]
[164,"Skoncentrowany, silny środek do gruntownego mycia i usuwania tłustych zabrudzeń z powierzchni odpornych na działanie alkaliów. Skutecznie usuwa nawet mocne zabrudzenia ropopochodne, oleje, smary oraz osady kuchenne. Szczególnie zalecany do mycia w warsztatach, halach fabrycznych oraz w domu. Zalecany do mycia części maszyn, silników oraz prania odzieży roboczej i moczenia mocno zabrudzonych firan. Wykładziny należy sprawdzić na trwałość kolorów, pH: 12-13, gęstość 20 °C : 1055-1065 kg/m3. Pojemność: 1l","szt.",1,{"v":19.5,"d":"19.50"},{"v":19.5,"d":"19.50"},{"v":0.23,"d":"23%"},{"v":4.485,"d":"4.49"},{"v":23.985,"d":"23.99"},"VC242 BRUDPUR 1l "]
[165,"Pianka do szkła. Zawiera <5% niejonowe środki powierzchniowo-czynne , pH: 5,00-8,00, gęstość w 20°C 0,98±0,02 g/cm3, aerozol. Pojemność min. 400ml\n","szt.",1,{"v":18,"d":"18.00"},{"v":18,"d":"18.00"},{"v":0.23,"d":"23%"},{"v":4.140000000000001,"d":"4.14"},22.14,"Pianka Glass Cleaner 400ml"]
[166,"Płyn do usuwania kamienia i rdzy, osadu z mydła, zacieków wodnych, tłustych plam. Do powierzchni: chrom, stal nierdzewna, glazura, porcelit, szkło, plastik. Do czyszczenia powierzchni pionowych. Pojemność min. 500 ml. ","szt.",1,{"v":7.5,"d":"7.50"},{"v":7.5,"d":"7.50"},{"v":0.23,"d":"23%"},{"v":1.725,"d":"1.73"},{"v":9.225,"d":"9.23"},"Dix Professional Płyn do Kamienia i Rdzy 500ml"]
[167,"Preparat w sprayu do usuwania kleju. Rozpuszczalnik do szybkiego i całkowitego usuwania resztek kleju ( np. folii samoprzylepnych, naklejek itp.) oraz papierowych etykiet samoprzylepnych. Do zastosowania na wszelkich twardych powierzchniach tj.: metal, szkło, powierzchnie lakierowane, porcelana, drewno oraz tworzywa sztuczne. Pojemność  min. 200 ml.","szt.",1,{"v":42,"d":"42.00"},{"v":42,"d":"42.00"},{"v":0.23,"d":"23%"},9.66,51.66,"ZMYWACZ do kleju 200ml "]
[168,"Szmatka do ręcznego polerowania z mikrofibry, gwarantuje bezpieczeństwo i eliminuje ryzyko zarysowania wszelkich powierzchni. Stosowana na sucho, perfekcyjnie przyciąga kurz, pozostawiając powierzchnie nieskazitelnie czyste i lśniące. Po nawilżeniu ściereczka natychmiast pochłania wilgoć i zabrudzenia. Dodatkowo po szybkim płukaniu jest natychmiast gotowa do ponownego użycia co zapewnia wygodę, oszczędność czasu i najwyższy komfort użytkowania. Jedna rolka zawiera min. 20 łatwych do oderwania szmatek. Wymiary szmatki: 35x35 (+/- 0,5cm).","rolka",1,{"v":43,"d":"43.00"},{"v":43,"d":"43.00"},{"v":0.23,"d":"23%"},9.89,52.89,"Szmatka z mikrofibry 35cmx35cm, rolka 20szt."]